[Event "Espalion op 1st"]
[Site "Espalion"]
[Date "2016.07.14"]
[Round "7"]
[White "Lemaire, Frederic"]
[Black "Bonot, Bernard"]
[Result "1-0"]
[WhiteElo "1468"]
[BlackElo "1374"]
[PlyCount "123"]
[EventDate "2016.07.09"]
[EventType "swiss"]
[EventRounds "9"]
[EventCountry "FRA"]
[SourceTitle "CBM 173 Extra"]
[Source "ChessBase"]
[SourceDate "2016.08.29"]
[SourceVersion "1"]
[SourceVersionDate "2016.08.29"]
[SourceQuality "1"]

1. e4 b6 2. d4 Bb7 3. Nc3 e6 4. Nf3 Bb4 5. e5 Ne7 6. Bd2 0-0 7. a3 Bxc3 8. Bxc3 a5 9. Bd3 f5 10. exf6 Rxf6 11. 0-0 Bxf3 12. gxf3 d5 13. Kh1 Ng6 14. Bxg6 Rxg6 15. Rg1 Qe8 16. Qd3 Rxg1+ 17. Rxg1 g6 18. Bd2 Kg7 19. Qe3 Kg8 20. Qe5 Qf7 21. Rg4 Qxf3+ 22. Rg2 Qd1+ 23. Be1 Kf8 24. Qxe6 Na6 25. Qf6+ Kg8 26. Qe6+ Kf8 27. Qf6+ Kg8 28. Rg1 Rf8 29. Qe6+ Rf7 30. Qc8+ Kg7 31. Qxa6 Qf3+ 32. Rg2 Qd1 33. Qf1 Qxc2 34. f3 Qd1 35. Rf2 Re7 36. Bd2 Qxf1+ 37. Rxf1 Re2 38. Bc3 Kf7 39. Re1 Rf2 40. Re3 c6 41. Kg1 Rc2 42. f4 a4 43. h4 h5 44. Kf1 Rh2 45. Bb4 Rxb2 46. Re7+ Kg8 47. Re6 Kg7 48. Rxc6 Rh2 49. Rxb6 Rxh4 50. Bd6 Rh3 51. Rb5 Kf7 52. Ra5 Ke6 53. Be5 Rxa3 54. Ra6+ Kf5 55. Rf6+ Ke4 56. Rxg6 h4 57. Rg5 h3 58. f5 Rf3+ 59. Ke2 h2 60. Bxh2 Rxf5 61. Rg4+ Rf4 62. Rxf4# 1-0

[Event "Espalion op 1st"]
[Site "Espalion"]
[Date "2016.07.12"]
[Round "5"]
[White "Rollot, Priscillia"]
[Black "Bonot, Bernard"]
[Result "0-1"]
[WhiteElo "1210"]
[BlackElo "1374"]
[PlyCount "94"]
[EventDate "2016.07.09"]
[EventType "swiss"]
[EventRounds "9"]
[EventCountry "FRA"]
[SourceTitle "CBM 173 Extra"]
[Source "ChessBase"]
[SourceDate "2016.08.29"]
[SourceVersion "1"]
[SourceVersionDate "2016.08.29"]
[SourceQuality "1"]

1. e4 b6 2. Nf3 Bb7 3. Nc3 e6 4. Bc4 Bb4 5. a3 Bxc3 6. dxc3 Bxe4 7. Be2 Nf6 8. 0-0 h6 9. Bf4 0-0 10. Qd4 Bxc2 11. Qc4 d5 12. Qxc7 Qxc7 13. Bxc7 Nbd7 14. Bd6 Rfd8 15. Rac1 Bg6 16. Bb5 Nc5 17. Be5 a6 18. Be2 Nfd7 19. Bf4 Bd3 20. Bxd3 Nxd3 21. Rb1 Nxf4 22. Nd4 Rac8 23. g3 Ng6 24. Nf3 Nde5 25. Nd2 Nc4 26. Rfd1 Nxd2 27. Rxd2 Ne5 28. Re1 Nf3+ 29. Kg2 Nxe1+ 30. Kf1 Nf3 31. Rd3 Nxh2+ 32. Kg1 Ng4 33. Rd4 Ne5 34. Rb4 b5 35. a4 Rc4 36. Rxc4 Nxc4 37. b3 Nd2 38. axb5 Nxb3 39. bxa6 Ra8 40. f4 Rxa6 41. g4 Ra2 42. f5 e5 43. Kf1 d4 44. Ke1 d3 45. Kd1 e4 46. Ke1 e3 47. Kd1 Ra1# 0-1

[Event "Espalion op 1st"]
[Site "Espalion"]
[Date "2016.07.10"]
[Round "2"]
[White "Bonot, Bernard"]
[Black "Ferraye, Nicolas"]
[Result "0-1"]
[WhiteElo "1374"]
[BlackElo "1629"]
[PlyCount "108"]
[EventDate "2016.07.09"]
[EventType "swiss"]
[EventRounds "9"]
[EventCountry "FRA"]
[SourceTitle "CBM 173 Extra"]
[Source "ChessBase"]
[SourceDate "2016.08.29"]
[SourceVersion "1"]
[SourceVersionDate "2016.08.29"]
[SourceQuality "1"]

1. b3 d5 2. Bb2 c5 3. e3 Nc6 4. Bb5 a6 5. Bxc6+ bxc6 6. Ne2 Bf5 7. 0-0 Nf6 8. Ng3 Bg6 9. d3 e6 10. Nd2 Bd6 11. f4 0-0 12. Nf3 Nh5 13. Qe1 Be7 14. Nxh5 Bxh5 15. Qg3 Bf6 16. Bxf6 Qxf6 17. Ne5 Rfc8 18. Nd7 Qd8 19. Ne5 f6 20. Ng4 Bxg4 21. Qxg4 f5 22. Qe2 Qf6 23. Qd2 a5 24. a4 d4 25. Rfe1 Re8 26. g3 e5 27. e4 exf4 28. Qxf4 fxe4 29. Qxf6 gxf6 30. dxe4 Ra7 31. Kf2 Rae7 32. Kf3 f5 33. e5 Rxe5 34. Rxe5 Rxe5 35. Rc1 Kf7 36. h4 Kf6 37. Rd1 Re3+ 38. Kf2 Rc3 39. Rd2 Ke5 40. Re2+ Kd5 41. Rd2 c4 42. bxc4+ Kxc4 43. Kg2 c5 44. Rf2 Kb4 45. Rxf5 Rxc2+ 46. Kh3 d3 47. Rf4+ c4 48. Rd4 d2 49. g4 Rc3+ 50. Kg2 Rd3 51. Rf4 d1Q 52. g5 Qe2+ 53. Rf2 Qg4+ 54. Kh2 Rh3# 0-1

[Event "Saint Affrique op 18th"]
[Site "Saint Affrique"]
[Date "2010.07.24"]
[Round "1"]
[White "Bonot, Bernard"]
[Black "Mania, Clement"]
[Result "0-1"]
[WhiteElo "1595"]
[BlackElo "2127"]
[PlyCount "92"]
[EventDate "2010.07.24"]
[EventType "swiss"]
[EventRounds "9"]
[EventCountry "FRA"]
[SourceTitle "CBM 137 Extra"]
[Source "ChessBase"]
[SourceDate "2010.09.01"]
[SourceVersion "1"]
[SourceVersionDate "2010.09.01"]
[SourceQuality "1"]

1. b3 d6 2. Bb2 Bg4 3. h3 Bh5 4. g4 Bg6 5. Bg2 c6 6. Nf3 e5 7. d4 e4 8. Nh2 d5 9. e3 Bd6 10. f4 exf3 11. Nxf3 Bg3+ 12. Ke2 Nf6 13. Ne5 Bxe5 14. dxe5 Ne4 15. Bxe4 Bxe4 16. Rg1 Qh4 17. Qf1 0-0 18. c4 dxc4 19. bxc4 Rd8 20. Qf4 Bd3+ 21. Kf3 Qxh3+ 22. Qg3 Qxg3+ 23. Kxg3 Bxc4 24. Na3 Be6 25. Kf4 Nd7 26. Rgd1 Nc5 27. Bd4 Na6 28. Nc2 Rd7 29. e4 Rad8 30. Rab1 c5 31. Ke3 cxd4+ 32. Rxd4 Rxd4 33. Nxd4 Nc5 34. g5 Bxa2 35. Ra1 Bc4 36. Rxa7 Ba6 37. Kf4 Ne6+ 38. Nxe6 fxe6 39. Ke3 Kf7 40. Kf4 Ke7 41. Ke3 Kd7 42. Kd4 Kc6+ 43. Kc3 Kb6 44. Rxa6+ bxa6 45. Kc4 a5 46. Kc3 Kc5 0-1

[Event "Saint Affrique op 15th"]
[Site "Saint Affrique"]
[Date "2007.??.??"]
[Round "4"]
[White "Bonot, Bernard"]
[Black "Blanchon, Pascal"]
[Result "1-0"]
[WhiteElo "1430"]
[BlackElo "1757"]
[PlyCount "137"]
[EventDate "2007.07.21"]
[EventType "swiss"]
[EventRounds "9"]
[EventCountry "FRA"]
[SourceTitle "CBM 119 Extra"]
[Source "ChessBase"]
[SourceDate "2007.09.04"]
[SourceVersion "1"]
[SourceVersionDate "2007.09.04"]
[SourceQuality "1"]

1. e4 e5 2. Nf3 Nc6 3. Bb5 a6 4. Bxc6 dxc6 5. d4 exd4 6. Qxd4 Qxd4 7. Nxd4 Bc5 8. Be3 Nf6 9. f3 0-0 10. Nd2 Re8 11. 0-0-0 Nd5 12. exd5 Rxe3 13. N2b3 Bxd4 14. Rxd4 cxd5 15. Rxd5 Be6 16. Rd3 Rxd3 17. cxd3 Rd8 18. Kc2 b6 19. Rd1 c5 20. Nc1 Kf8 21. a3 a5 22. h4 Bd5 23. Ne2 h6 24. Rd2 g5 25. hxg5 hxg5 26. Ng1 f6 27. Ne2 Kg7 28. Nc3 Bf7 29. Na4 Rd6 30. Nc3 f5 31. Ne2 Bg6 32. Kc3 f4 33. Nc1 Kf6 34. Ne2 Be8 35. Kc2 Ba4+ 36. Kc1 Bc6 37. Kc2 Bb7 38. Nc3 Kf5 39. Ne4 Rd4 40. Nf2 Ba6 41. Kc3 Rd5 42. Kc2 b5 43. Kc1 b4 44. a4 c4 45. Kc2 Kg6 46. Rd1 Kf7 47. b3 cxd3+ 48. Nxd3 Kf6 49. Rd2 Rd6 50. Rd1 Ke7 51. Rd2 Kd8 52. Rd1 Kc7 53. Rd2 Kb6 54. Rd1 Rd4 55. Rd2 Rd6 56. Rd1 Rc6+ 57. Kd2 Rd6 58. Kc2 Rd4 59. Rd2 Kc7 60. Rd1 Kd8 61. Rd2 Ke7 62. Rd1 Rd5 63. Rd2 Kf6 64. Rd1 Kf5 65. Rd2 Bxd3+ 66. Rxd3 Rxd3 67. Kxd3 g4 68. Kd4 gxf3 69. gxf3 1-0